000
00312nam a22001337a 4500
008
171013b xxu||||| |||| 00| 0 eng d
020
_a
9780205366743
041
_a
eng
080
_a
316
100
_a
51
101
_a
SOC
245
_a
MARRIAGE FAMILIES INMATE RELATIONSHIP
_c
WILLIAMS.B.K
942
_2
udc
_c
BK
999
_c
33620
_d
33620